| 000 | 01277nam0a22002651 4500 | ||
|---|---|---|---|
| 001 | rc\4907598 | ||
| 005 | 20250612203122.0 | ||
| 021 |
_aRU _b[57-29051] |
||
| 035 | _a(NLR Aleph) 008836178 | ||
| 090 |
_a8313655 _c8313655 |
||
| 100 | _a20130426d1957 |||y0rusy50 ca | ||
| 101 | 0 | _arus | |
| 102 | _aRU | ||
| 105 | _ay z |||a| | ||
| 200 | 1 |
_aВетер в лицо _e[Рассказы] |
|
| 210 |
_aТюмень _cКн. изд-во _d1957 |
||
| 215 |
_a144 с. _d17 |
||
| 327 | 1 | _aСодерж.: Ветер в лицо; В разлуке; Чужая любовь; Девушка из Оршанки; Завистник; Папина стипендия; При собачке; Денежный мальчик; Золото; Дичок | |
| 464 | 0 |
_12001#$aВетер в лицо$aВ разлуке$aЧужая любовь$aДевушка из Оршанки$aЗавистник$aПапина стипендия$aПри собачке$aДенежный мальчик$aЗолото$aДичок _tДичок |
|
| 700 | 1 |
_7ca _8rus _aФедорова _bЛ. Ф. _cпоэт, писатель _f1915-1994 _gЛариса Федоровна _9246937 _3RU\NLR\AUTH\770246993 |
|
| 801 | 0 |
_aRU _bNLR _gpsbo |
|
| 801 | 1 |
_aRU _bELAR _2rusmarc |
|
| 852 |
_aNLR _j57-2/1098 |
||
| 942 | _cBOOK | ||
| 980 | _aNB | ||